00525 a2200157 4500260000900000260000800009300001000017245012600027650001000153650001300163650002200176300003900198260000900237130000700246500011400253 aRome bFAO a40 p. aAélioration et diversification du séchage solaire domestique des fruits, des légumes et des feuilles : TCP/NER/3453 aFruit aLégume aSéchage naturel bcouv. ill. en coul., ill. ; 22 cm. c1995 lFr aCe guide a été préparé avec la collaboration de M. Alain Rioux, Consultant en technologie alimentaire